|
|
|
|
| LEADER |
00000nam0a2200000 4500 |
| 001 |
131388 |
| 005 |
20231031134417.0 |
| 010 |
|
|
|a 9780194569514
|
| 035 |
|
|
|a (RuTPU)RU\TPU\book\142306
|
| 090 |
|
|
|a 131388
|
| 100 |
|
|
|a 20080218d2007 m y0engy50 ba
|
| 101 |
0 |
|
|a eng
|
| 102 |
|
|
|a US
|
| 105 |
|
|
|a a j 000zy
|
| 200 |
1 |
|
|a Oxford English for Careers. Technology 1
|e Teacher's Resource Book
|f D. Bonamy
|
| 210 |
|
|
|a New York
|c Oxford University Press
|d 2007
|
| 215 |
|
|
|a 104 p.
|c il.
|
| 610 |
1 |
|
|a английский язык
|
| 610 |
1 |
|
|a лексика
|
| 610 |
1 |
|
|a грамматика
|
| 610 |
1 |
|
|a разговорная речь
|
| 610 |
1 |
|
|a деловое общение
|
| 610 |
1 |
|
|a методика
|
| 610 |
1 |
|
|a обучение
|
| 610 |
1 |
|
|a преподавание
|
| 610 |
1 |
|
|a учебные пособия
|
| 686 |
|
|
|a Ш143.21-923
|v LBC/SL-A
|2 rubbk
|
| 686 |
|
|
|a Ш143.21-91
|v LBC/SL-A
|2 rubbk
|
| 700 |
|
1 |
|a Bonamy
|b D.
|g David
|
| 801 |
|
1 |
|a RU
|b 63413507
|c 20080218
|g PSBO
|
| 801 |
|
2 |
|a RU
|b 63413507
|c 20170621
|g PSBO
|
| 942 |
|
|
|c BK
|
| 959 |
|
|
|a 96/20071224
|d 1
|e 427,00
|f ЯЦ_ХТФ:1
|